<?xml version="1.0" encoding="UTF-8"?>
<record
    xmlns:xsi="http://www.w3.org/2001/XMLSchema-instance"
    xsi:schemaLocation="http://www.loc.gov/MARC21/slim http://www.loc.gov/standards/marcxml/schema/MARC21slim.xsd"
    xmlns="http://www.loc.gov/MARC21/slim">

  <leader>02214nam a2200313uu 4500</leader>
  <controlfield tag="001">1275231</controlfield>
  <controlfield tag="005">20260508072015.0</controlfield>
  <controlfield tag="008">120307nuuuuuuuu                    spa  </controlfield>
  <datafield tag="020" ind1=" " ind2=" ">
    <subfield code="a">9789587490695</subfield>
  </datafield>
  <datafield tag="035" ind1=" " ind2=" ">
    <subfield code="a">1275231</subfield>
  </datafield>
  <datafield tag="040" ind1=" " ind2=" ">
    <subfield code="c">comduadb</subfield>
  </datafield>
  <datafield tag="041" ind1=" " ind2=" ">
    <subfield code="a">spa</subfield>
  </datafield>
  <datafield tag="082" ind1=" " ind2="4">
    <subfield code="a">340</subfield>
  </datafield>
  <datafield tag="100" ind1="1" ind2="0">
    <subfield code="a">Ortiz Monsalve, &#xC1;lvaro,</subfield>
    <subfield code="d">1952-</subfield>
    <subfield code="4">aut</subfield>
    <subfield code="e">aut</subfield>
    <subfield code="9">256838</subfield>
  </datafield>
  <datafield tag="245" ind1="1" ind2="0">
    <subfield code="a">Responsabilidad civil y negocio jur&#xED;dico : tendencias del derecho contempor&#xE1;neo</subfield>
  </datafield>
  <datafield tag="260" ind1=" " ind2=" ">
    <subfield code="a">Bogot&#xE1; :</subfield>
    <subfield code="b">Universidad Santo Tom&#xE1;s ;</subfield>
    <subfield code="b">Grupo Editorial Iba&#xF1;ez,</subfield>
    <subfield code="c">2011.</subfield>
  </datafield>
  <datafield tag="300" ind1=" " ind2=" ">
    <subfield code="a">579 p&#xE1;ginas</subfield>
  </datafield>
  <datafield tag="520" ind1="3" ind2=" ">
    <subfield code="a">El libro compila trabajos de reconocidos autores nacionales y extranjeros, tales como Fran&#xE7;ois Chabas (Francia), Mauro Paladini (Italia), Javier Tamayo Jaramillo (Colombia), entre otros, relacionados con algunas tem&#xE1;ticas particulares del Derecho de la responsabilidad y de los contratos tanto en el Derecho nacional como extranjero.
El cap&#xED;tulo escrito por el Dr. Vel&#xE1;squez, parte de destacar el auge que ha tenido el Internet como medio de comunicaci&#xF3;n masiva y transnacional que ha obligado a la adaptaci&#xF3;n de leyes tradicionales en diversos aspectos del Derecho. En &#xE9;l, el autor analiza el caso Gutnick, de Australia, en el que plantea que debido a Internet, todas aquellas afirmaciones realizadas en la red, tendr&#xE1;n consecuencias incluso instant&#xE1;neas a nivel global, dando lugar, por tanto, a un replanteamiento al alcance que debe tener la jurisdicci&#xF3;n estatal.
Igualmente, en este libro participa &#xC1;lvaro Ortiz Monsalve, Profesor de Derecho Civil en la Facultad de Derecho, con un interesante trabajo relativo a las nuevas regulaciones contractuales en el sector energ&#xE9;tico.</subfield>
  </datafield>
  <datafield tag="650" ind1=" " ind2="7">
    <subfield code="a">Hechos jur&#xED;dicos</subfield>
    <subfield code="2">lemb</subfield>
    <subfield code="9">192947</subfield>
  </datafield>
  <datafield tag="650" ind1=" " ind2="7">
    <subfield code="a">Derecho civil</subfield>
    <subfield code="2">lemb</subfield>
    <subfield code="9">5261</subfield>
  </datafield>
  <datafield tag="650" ind1=" " ind2="7">
    <subfield code="a">Responsabilidad civil</subfield>
    <subfield code="2">armarc</subfield>
    <subfield code="9">1417</subfield>
  </datafield>
  <datafield tag="650" ind1=" " ind2="7">
    <subfield code="a">Derecho comparado</subfield>
    <subfield code="2">lemb</subfield>
    <subfield code="9">2327</subfield>
  </datafield>
  <datafield tag="650" ind1=" " ind2=" ">
    <subfield code="a">Contratos - Estudios comparados</subfield>
    <subfield code="9">192948</subfield>
  </datafield>
  <datafield tag="650" ind1=" " ind2="7">
    <subfield code="a">Actos jur&#xED;dicos</subfield>
    <subfield code="2">lemb</subfield>
    <subfield code="9">2420</subfield>
  </datafield>
  <datafield tag="700" ind1="1" ind2="0">
    <subfield code="a">Gual Acosta, Jos&#xE9; Manuel</subfield>
    <subfield code="4">edt</subfield>
    <subfield code="e">edt</subfield>
    <subfield code="9">629670</subfield>
  </datafield>
  <datafield tag="700" ind1="1" ind2="0">
    <subfield code="a">Acosta Rodr&#xED;guez, Joaqu&#xED;n Emilio</subfield>
    <subfield code="4">edt</subfield>
    <subfield code="e">edt</subfield>
    <subfield code="9">629671</subfield>
  </datafield>
  <datafield tag="700" ind1="1" ind2="0">
    <subfield code="a">Echeverri Uruburu, &#xC1;lvaro</subfield>
    <subfield code="4">drt</subfield>
    <subfield code="0">(isni)0000 0000 2198 8186</subfield>
    <subfield code="0">(viaf)77588405</subfield>
    <subfield code="e">drt</subfield>
    <subfield code="9">249442</subfield>
  </datafield>
  <datafield tag="942" ind1=" " ind2=" ">
    <subfield code="c">BOOK</subfield>
  </datafield>
  <datafield tag="999" ind1=" " ind2=" ">
    <subfield code="c">603972</subfield>
    <subfield code="d">603972</subfield>
  </datafield>
  <datafield tag="952" ind1=" " ind2=" ">
    <subfield code="0">0</subfield>
    <subfield code="1">0</subfield>
    <subfield code="4">0</subfield>
    <subfield code="7">0</subfield>
    <subfield code="8">GEN</subfield>
    <subfield code="a">BC</subfield>
    <subfield code="b">BC</subfield>
    <subfield code="d">2012-03-07</subfield>
    <subfield code="e">Temis</subfield>
    <subfield code="g">100000.00</subfield>
    <subfield code="i">C1138931</subfield>
    <subfield code="l">1</subfield>
    <subfield code="o">340.56 R438</subfield>
    <subfield code="p">806826</subfield>
    <subfield code="r">2025-10-09 10:15:16</subfield>
    <subfield code="s">2024-04-27</subfield>
    <subfield code="t">1</subfield>
    <subfield code="w">2023-05-01</subfield>
    <subfield code="y">BOOK</subfield>
  </datafield>
</record>
